BASIC ECONOMETRICS (Record no. 216836)

MARC details
000 -LEADER
fixed length control field 00496nam a22001817a 4500
008 - FIXED-LENGTH DATA ELEMENTS--GENERAL INFORMATION
fixed length control field 260318b |||||||| |||| 00| 0 eng d
020 ## - INTERNATIONAL STANDARD BOOK NUMBER
International Standard Book Number 978-81-7671-138-8
050 ## - LIBRARY OF CONGRESS CALL NUMBER
Classification number HB 139.G85 2025
100 ## - MAIN ENTRY--PERSONAL NAME
Personal name GUJARATI DAMODAR N.
245 ## - TITLE STATEMENT
Title BASIC ECONOMETRICS
250 ## - EDITION STATEMENT
Edition statement 7th
260 ## - PUBLICATION, DISTRIBUTION, ETC.
Place of publication, distribution, etc. NEW DELHI
Name of publisher, distributor, etc. AFFLIATED EAST WEST PRESS PRIVATE LIMITED
Date of publication, distribution, etc. 2025
300 ## - PHYSICAL DESCRIPTION
Extent X,922
500 ## - GENERAL NOTE
General note INCLUDES NAME INDEX,SUBJECT INDEX
650 ## - SUBJECT ADDED ENTRY
Topical term or geographic name entry element Econometrics
942 ## - ADDED ENTRY ELEMENTS (KOHA)
Source of classification or shelving scheme Library of Congress Classification
Koha item type Long Loan Book
Holdings
Withdrawn status Lost status Source of classification or shelving scheme Damaged status Not for loan Collection Home library Current library Shelving location Date acquired Inventory number Total checkouts Full call number Barcode Date last seen Copy number Price effective from Koha item type
    Library of Congress Classification     Science & Technology Kisii University Library Kisii University Library On Display 03/18/2026 112435   HB 139.G85 2025 A001078 03/18/2026 C.3 03/18/2026 Long Loan Book
    Library of Congress Classification     Science & Technology Kisii University Library Kisii University Library On Display 03/18/2026 112436   HB 139.G85 2025 A001077 03/18/2026 C.4 03/18/2026 Long Loan Book
    Library of Congress Classification     Science & Technology Kisii University Library Kisii University Library On Display 03/18/2026 112434   HB 139.G85 2025 A001075 03/18/2026 C.2 03/18/2026 Long Loan Book
    Library of Congress Classification     Science & Technology Kisii University Library Kisii University Library On Display 03/18/2026 112433   HB 139.G85 2025 A001076 03/18/2026 C.1 03/18/2026 Long Loan Book